Statistics for UEFA Women's Champions League Top 4

Click here to take the quiz!

General Stats

  • This quiz has been taken 256 times
  • The average score is 9 of 26

Answer Stats

Answer% Correct
Barcelona
97%
Chelsea
91%
Olympique Lyon
91%
Arsenal
88%
Bayern Munich
88%
Paris Saint-Germain
88%
Wolfsburg
80%
Manchester City
76%
Eintracht Frankfurt
44%
Turbine Potsdam
33%
Malmö FF
27%
Duisburg
20%
Rosenborg Trondheims-Ørn
17%
Umeå IK
16%
Montpellier
14%
Paris FC
13%
Birmingham City
11%
Brondby IF
11%
Toulouse
9%
Tyresö
9%
Djurgården
7%
Fortuna Hjørring
5%
Zvezda Perm
5%
HJK Helsinki
4%
Bardolino
3%
Kolbotn IL
3%

Score Distribution

Percentile by Number Answered

Percent of People with Each Score

Your Score History

You have not taken this quiz